03455nam a2200541Ia 4500001000400000008004100004010000800045041001400053082001400067245025300081260001800334300000700352520000600359630001600365630001700381630002100398650001800419690001400437700003500451700003900486700004400525901009200569902000600661903004300667904001800710905002800728906000600756907001400762908001400776909005100790910001500841911001000856912001400866913000900880914002500889915001900914916000900933917000900942918001400951919002200965520186900987921000702856922000702863923000602870924001402876942001002890999001302900581241029s9999 xx 000 0 und d a530 aEspañol aNO APLICA 0aEvaluación del impacto de la Asignatura Logopedia impartida a los estudiantes en la Carrera de Licenciatura en el Nivel Inicial relacionado al manejo del habla y la voz en la Universidad Autónoma de Santo Domingo, UASD. Mao, período 2011-2013 aSanto Domingo a73 a9 aEstudiantes aEvaluación aImplementación aOrientación aElaborado easesoraContrera, Ana Dolores  eautoraMercedes Pérez , Minerva  eautoraNúñez Ureña , Dilenia Alt. a{"1":"Mercedes Pérez ","2":"Núñez Ureña "}b{"1":"Minerva ","2":"Dilenia Alt."} a1 a{"1":"Contrera"}b{"1":"Ana Dolores "} aMaestría en aOrientación Educativa a2 aNO APLICA aNO APLICA aUniversidad Autónoma de Santo Domingo (UASD) aNULLbNULL a["1"] aNO APLICA aNULL a01 de Agosto de 2013 a08/07/15 01:07 aNULL aNULL aNO APLICA a["96","97","225"] aLos principales objetivos de este estudio consistieron en evaluar el impacto de la asignatura Logopedia impartida a los estudiantes en la Carrera de Licenciatura en el Nivel Inicial, en lo que concierne al manejo de la voz y el habla, determinar la asignatura logopedia en lo que respecta el manejo del habla y voz por parte de los estudiantes y verificar en qué medida identifican los estudiantes casos de alteraciones de habla y de voz en su entorno personal.La metodología utilizada fue de tipo cualitativo y cuantitativo, las técnicas utilizadas fueron la recolección de datos, el cuestionario y el debate. Se trabajó con una población de 60 estudiantes del centro regional CURNO y como muestra se tomó el total de la población por ser esta muy reducida.El estudio concluyó que el 70% dijo estar totalmente empoderado del manejo de la voz y el habla, el 30% mediamente empoderado lo que se necesita seguir enfatizando en las estrategias de enseñanza aprendizaje en este sentido, que las medidas que han implementado los estudiantes para evitar una disfonía se  evidenció que el 85% dijo ejercitarse en la respiración costo abdominal, un 77% evita la ingesta de de sustancias tóxicas, como el alcohol, tabaco, alimentos muy picantes, mientras que el 67% dijo que evita el sobre esfuerzo vocal a diferencia un 45% que dice hacer ejercicios para aumentar la capacidad respiratoria y coordinación fono respiratoria.El estudio recomendó que se debe incluir en el programa de la Carrera de Orientación Académica la asignatura de Logopedia, que tomen en consideración los resultados de este estudio para fortalecer las debilidades encontradas, que los maestros preparen ejercicios prácticos donde los estudiantes afiancen sus conocimientos en esta temática y organizar cursos talleres de profundización de esta asignatura. a16 a16 a0 aNO APLICA cTesis c530d530